Textbook of criminal law : (Record no. 6845)

MARC details
000 -LEADER
fixed length control field 00429nam a22001577a 4500
008 - FIXED-LENGTH DATA ELEMENTS--GENERAL INFORMATION
fixed length control field 150625b xxu||||| |||| 00| 0 eng d
020 ## - INTERNATIONAL STANDARD BOOK NUMBER
International Standard Book Number 9780414046139
082 ## - DEWEY DECIMAL CLASSIFICATION NUMBER
Classification number 345 BAK
100 ## - MAIN ENTRY--PERSONAL NAME
Personal name Baker, Dennis J
245 ## - TITLE STATEMENT
Title Textbook of criminal law :
Statement of responsibility, etc Dennis J. Baker
250 ## - EDITION STATEMENT
Edition statement 3rd ed.
260 ## - PUBLICATION, DISTRIBUTION, ETC. (IMPRINT)
Place of publication, distribution, etc [London] :
Name of publisher, distributor, etc Sweet & Maxwell,
Date of publication, distribution, etc c1990.
300 ## - PHYSICAL DESCRIPTION
Extent cxxvi, 1368p.
Dimensions 25cm.
500 ## - GENERAL NOTE
General note includes the index
942 ## - ADDED ENTRY ELEMENTS (KOHA)
Source of classification or shelving scheme Dewey Decimal Classification
Item type Books
Holdings
Withdrawn status Lost status Source of classification or shelving scheme Damaged status Not for loan Home library Current library Shelving location Date acquired Total Checkouts Full call number Date last seen Copy number Price effective from Koha item type
    Dewey Decimal Classification     Law Development Centre Main Library Law Development Centre Main Library Text Books and Laws 06/25/2015   345 BAK 06/25/2015 001 06/25/2015 Books